Statistiques concernant Mots de la langue française terminés par "mon"

Cliquez ici pour prendre le quiz!

Statistiques générales

  • Ce quiz a été pris 134 fois
  • Le résultat moyen est 6 sur 13

Statistiques - réponses

IndiceMot% Correct
diabledémon
90%
organe du corps humainpoumon
78%
poissonsaumon
77%
discourssermon
69%
habitant de Salt Lake Citymormon
68%
gouvernailtimon
45%
rochelimon
41%
mâtartimon
30%
jeubackgammon
30%
herbe de mergoémon
30%
thongermon
16%
infectionphlegmon
14%
potirongiraumon
4%

Distribution des résultats

Percentile par nombre de réponses

% des personnes avec chaque résultat

Votre développement - résultats

Vous n’avez pas pris ce quiz